000
00285nam a22001337a 4500
008
170627b xxu||||| |||| 00| 0 eng d
020
_a
9780070647268
041
_a
eng
080
_2
4TH
_a
05
100
_a
21
101
_a
GJL
245
_a
DOS MUNDOS
_c
TERRELL,T.D
942
_2
udc
_c
BK
999
_c
19227
_d
19227